Ako si vybrať CRM systém?

CRM (Customer Relationship Management), pomáha vytvárať a posilňovať vzťahy so zákazníkmi. Význam CRM v jednotlivých fázach životného cyklu zákazníka. Na čo si dávať pozor pri hľadaní vhodného CRM systému.

Gespeichert in:
Bibliographische Detailangaben
1. Verfasser: Kvasnicová, Jana
Format: Buchkapitel
Sprache:Slowakisch
Schlagworte:
Tags: Tag hinzufügen
Keine Tags, Fügen Sie das erste Tag hinzu!

MARC

LEADER 00000naa a2200000 4500
001 0206289
005 20230912114545.5
041 0 |a slo 
044 |a SK 
245 1 0 |a Ako si vybrať CRM systém?  |c Jana Kvasnicová 
520 |a CRM (Customer Relationship Management), pomáha vytvárať a posilňovať vzťahy so zákazníkmi. Význam CRM v jednotlivých fázach životného cyklu zákazníka. Na čo si dávať pozor pri hľadaní vhodného CRM systému. 
610 2 0 |a vzťahy s verejnosťou 
610 2 0 |a marketing 
610 2 0 |a obchod 
610 2 0 |a technológie informačné 
610 2 0 |a technológie komunikačné 
610 2 0 |a komunikácia elektronická 
100 1 |a Kvasnicová, Jana